00481nam a2200157 i 4500001000700000003000900007005001700016007000300033008004100036100002200077245010300099260003800202300002200240700003100262852003000293140882ES-MaACL20230906200155.0t|070918s1944 ag ||||1| spa d1 aWilder, Thornton.13aEl puente de San Luis rey / cpor Thornton N. Wilder ; traducción y prólogo por Ricardo Baeza. aBuenos Aires : bEmecé, c1944. a188 p. ; c20 cm.1 aBaeza, Ricardo,d1890-1956 aES-MaACLjE-884 bR.27213